000 00579nam a2200205Ia 4500
005 20250508162334.0
008 008 250505s9999 xx 000 0 eng d
020 _a0-13-821173-6
037 _aTextual
040 _aFEDL
_beng
_cFEDL
041 _aeng
_2eng
084 _a370.193, PAR
_qFEDL
100 _aParelius Ann Parker
_9267123
245 0 _aSociology of education
260 _aEnglewood Cliffs
_bPrentice-Hall
_c1978
300 _aviii,407p
700 _a Parelius Robert J.
_9772911
942 _cTEXL
_h370.193, PAR
999 _c1375934
_d1375934